000 00675cam a22002293a 4500
001 29086
003 PGUSA
005 20140828083629.0
008 090610s2009||||xxu|||||s|||||000 | eng d
040 _aPGUSA
_beng
042 _adc
050 4 _aQK
100 1 _aHard, Miron Elisha,
_d1845-1914
245 1 4 _aThe Mushroom, Edible and Otherwise :
_bIts Habitat and its Time of Growth
_h[electronic resource] /
_cMiron Elisha Hard
260 _bProject Gutenberg,
_c2009
506 _aPublic domain in the USA.
516 _aElectronic text
653 _aMushrooms
830 0 _aProject Gutenberg
_v29086
856 4 0 _uhttp://www.gutenberg.org/ebooks/29086
942 _cEB
999 _c258341
_d258341